000 00906nam a2200217Ia 4500
003 GCL
005 20240530104554.0
008 140319s9999 xx 000 0 ara d
040 _aGCL /
_cGCL
082 0 4 _a922.1
_bس ت
100 1 _aالسيوطى : جلال الدين ابوالفضل عبدالرحمن بن ابى بكر بن محمد الخضيرى
245 1 0 _aتاريخ الخلفاء /
_cالسيوطى : جلال الدين ابوالفضل عبدالرحمن بن ابى بكر بن محمد الخضيرى
260 _aبيروت :
_bالمكتبة العصرية للنشر والتوزيع ،
_c1989
300 _a590 ص ؛
_c24 سم
650 0 4 _aالتاريخ الاسلامى
650 0 4 _aالملوك والحكام
650 0 4 _aالخلفاء
650 0 4 _aالخلفاء الراشدون
700 1 _aمحمد محى الدين عبدالحميد
942 _2ddc
_cBK
999 _c48791
_d48791